| 000 | 00635nam a2200217Ia 4500 | ||
|---|---|---|---|
| 008 | 191130s2010##################000#0#eng## | ||
| 020 | _a9780335213696 | ||
| 040 |
_aACL _cACL |
||
| 082 | _a362.10420941 GRA | ||
| 100 | _aGraham, Hilary | ||
| 245 |
_aUnequal lives: health and socio-economic Inequalities _cHilary Graham |
||
| 260 |
_aMaidenhead, Berkshire _bOpen University Press _c2010 |
||
| 300 | _a215 p. ; 23 cm | ||
| 500 | _aIncludes index | ||
| 650 | _aEquality | ||
| 650 | _aHealth attitudes | ||
| 650 | _aPoor--Health and hygiene | ||
| 990 | _ae35942e3ac10000c13d654c786aa6aaa | ||
| 991 | _a372699 | ||
| 999 |
_c86181 _d86181 |
||